Good Advice (Record no. 30547)

MARC details
000 -LEADER
fixed length control field 00394nam a2200181Ia 4500
020 ## - INTERNATIONAL STANDARD BOOK NUMBER
ISBN 0-8129-1013-3
050 ## - CALL MARK
Classification number PN6081.G63
100 ## - STATEMENT OF RESPONSIBILITY--MAIN AUTHOR NAME
Personal name William Safire
245 #0 - TITLE STATEMENT
Title Good Advice
260 ## - PUBLICATION, DISTRIBUTION, ETC. (IMPRINT)
Place of publication New York
260 ## - PUBLICATION, DISTRIBUTION, ETC. (IMPRINT)
Name of publisher Times Books
260 ## - PUBLICATION, DISTRIBUTION, ETC. (IMPRINT)
Year of publication 1982
300 ## - PHYSICAL DESCRIPTION
Number of Pages 400 p
650 ## - SUBJECT ADDED ENTRY--TOPICAL TERM
Topical Term Qotations
942 ## - ADDED ENTRY ELEMENTS (KOHA)
Koha item type Books
Holdings
Withdrawn status Lost status Source of classification or shelving scheme Damaged status Not for loan Permanent Location Current Location Date acquired Accession Number Price effective from Koha item type
    Library of Congress Classification     NILE UNIVERSITY OF NIGERIA - MAIN LIBRARY NILE UNIVERSITY OF NIGERIA - MAIN LIBRARY 04/23/2025 0005659 04/23/2025 Books